000 00790cem a2200301 a 4500
001 5573555
005 20180115095233.0
007 ad|canzn
008 990409s1999 dcu e 1 eng
010 _a 99027026
017 _aVA 991-771
_bU.S. Copyright Office
020 _a0792275284 (regular ed.)
020 _a0792275292 (deluxe ed.)
034 0 _aa
040 _aDLC
_cDLC
_dDLC
041 _aeng
052 _a3200
080 _a912
082 0 0 _a912
_220
100 _a42
101 _aGJE
245 1 0 _aAtlas of the world.
246 3 _aNational Geographic atlas of the world.
255 _aScales differ.
906 _a7
_bcbc
_corigcop
_du
_eocip
_f19
_gy-geogmaps
942 _2ddc
_cBK
999 _c40320
_d40320